[Event "Campeonato España Sub 18"]
[Site "Salobreña"]
[Date "2017.07.31"]
[Round "1"]
[White "Porta Tovar, Guillem"]
[Black "Jimenez Anders, Valentin"]
[Result "1-0"]
[Board "22"]
[WhiteClock "1:30"]
[WhiteElo "2202"]
[WhiteCountry "ESP"]
[WhiteFideId "32008341"]
[WhiteEloChange "3"]
[BlackClock "1:30"]
[BlackElo "1924"]
[BlackCountry "ESP"]
[BlackFideId "22297006"]
[BlackEloChange "-3"]

1. e4 {[%clk 1:30:00]} e6 {[%clk 1:30:00]} 2. d4 {[%clk 1:31:00]} d5 {[%clk
1:31:00]} 3. Nc3 {[%clk 1:31:00]} Nf6 {[%clk 1:31:00]} 4. e5 {[%clk 1:28:00]}
Nfd7 {[%clk 1:31:00]} 5. Nce2 {[%clk 1:28:00]} c5 {[%clk 1:30:00]} 6. c3 {[%clk
1:27:00]} Nc6 {[%clk 1:29:00]} 7. f4 {[%clk 1:27:00]} Be7 {[%clk 1:21:00]} 8. Nf3
{[%clk 1:24:00]} Qb6 {[%clk 1:14:00]} 9. g3 {[%clk 1:15:00]} O-O {[%clk 1:01:00]}
10. Bh3 {[%clk 1:15:00]} cxd4 {[%clk 0:50:00]} 11. cxd4 {[%clk 1:15:00]} Bb4+
{[%clk 0:40:00]} 12. Kf2 {[%clk 1:11:00]} Na5 {[%clk 0:30:00]} 13. Kg2 {[%clk
1:07:00]} f6 {[%clk 0:26:00]} 14. Rf1 {[%clk 1:04:00]} f5 {[%clk 0:25:00]} 15. g4
{[%clk 1:03:00]} fxg4 {[%clk 0:16:03]} 16. Bxg4 {[%clk 1:03:00]} Be7 {[%clk
0:14:11]} 17. b3 {[%clk 1:01:00]} Rf7 {[%clk 0:12:22]} 18. Ng5 {[%clk 0:57:00]}
Bxg5 {[%clk 0:11:57]} 19. fxg5 {[%clk 0:58:00]} Rxf1 {[%clk 0:10:11]} 20. Qxf1
{[%clk 0:58:00]} Nf8 {[%clk 0:08:42]} 21. Ba3 {[%clk 0:57:00]} Bd7 {[%clk
0:07:29]} 22. Qf2 {[%clk 0:57:00]} Qd8 {[%clk 0:06:38]} 23. Rf1 {[%clk 0:57:00]}
Qe8 {[%clk 0:06:57]} 24. Nf4 {[%clk 0:56:00]} Ng6 {[%clk 0:04:00]} 25. Nxg6
{[%clk 0:56:00]} hxg6 {[%clk 0:04:23]} 26. Qd2 {[%clk 0:56:00]} Nc6 {[%clk
0:02:56]} 27. Rf3 {[%clk 0:55:00]} Ne7 {[%clk 0:02:08]} 28. Qf2 {[%clk 0:34:00]}
Nf5 {[%clk 0:01:40]} 29. Rh3 {[%clk 0:31:00]} Rc8 {[%clk 0:01:33]} 30. Bxf5
{[%clk 0:29:00]} gxf5 {[%clk 0:01:57]} 31. Qh4 {[%clk 0:29:00]} Qg6 {[%clk
0:02:16]} 32. Kg1 {[%clk 0:27:00]} Kf7 {[%clk 0:02:03]} 33. Qf4 {[%clk 0:27:00]}
Bb5 {[%clk 0:01:42]} 34. Qd2 {[%clk 0:26:00]} Bd7 {[%clk 0:01:28]} 35. Kh1 {[%clk
0:23:00]} b6 {[%clk 0:01:31]} 36. Kg2 {[%clk 0:21:00]} a5 {[%clk 0:01:33]} 37.
Kg3 {[%clk 0:21:00]} Bb5 {[%clk 0:01:34]} 38. Kf4 {[%clk 0:22:00]} Kg8 {[%clk
0:01:06]} 39. Bd6 {[%clk 0:20:00]} Qe8 {[%clk 0:00:52]} 40. Qf2 {[%clk 0:17:15]}
Qg6 {[%clk 0:01:07]} 41. a4 {[%clk 0:17:18]} Bd7 {[%clk 0:01:12]} 42. Ba3 {[%clk
0:17:05]} Kf7 {[%clk 0:01:03]} 43. Qe2 {[%clk 0:16:12]} Ra8 {[%clk 0:00:50]} 44.
Rg3 {[%clk 0:16:15]} Rh8 {[%clk 0:00:50]} 45. Qf2 {[%clk 0:12:39]} Rh4+ {[%clk
0:00:58]} 46. Ke3 {[%clk 0:12:36]} f4+ {[%clk 0:00:41]} 47. Kd2 {[%clk 0:13:03]}
Qe4 {[%clk 0:00:41]} 48. h3 {[%clk 0:09:58]} Qb1 {[%clk 0:00:37]} 49. Rc3 {[%clk
0:09:46]} Rh8 {[%clk 0:00:34]} 50. Qxf4+ {[%clk 0:09:11]} Kg6 {[%clk 0:00:58]}
51. Rf3 {[%clk 0:08:50]} Qf5 {[%clk 0:00:33]} 52. Qg3 {[%clk 0:05:35]} Qxg5+
{[%clk 0:00:29]} 53. Qxg5+ {[%clk 0:06:02]} Kxg5 {[%clk 0:00:54]} 54. Rf7 {[%clk
0:06:30]} Bc8 {[%clk 0:00:40]} 55. Rxg7+ {[%clk 0:06:56]} Kf5 {[%clk 0:00:51]}
56. Rc7 {[%clk 0:06:47]} Ke4 {[%clk 0:00:34]} 57. Bb2 {[%clk 0:04:57]} Ba6 {[%clk
0:00:33]} 58. Rc3 {[%clk 0:03:42]} Bf1 {[%clk 0:00:33]} 59. Rc6 {[%clk 0:03:18]}
Rh6 {[%clk 0:00:35]} 60. Rxb6 {[%clk 0:03:33]} Rxh3 {[%clk 0:00:33]} 61. Rxe6
{[%clk 0:03:45]} Rxb3 {[%clk 0:00:35]} 62. Bc3 {[%clk 0:03:40]} Bh3 {[%clk
0:00:32]} 63. Rh6 {[%clk 0:03:11]} Bg4 {[%clk 0:00:35]} 64. e6 {[%clk 0:02:54]}
Rb8 {[%clk 0:00:42]} 65. e7 {[%clk 0:02:11]} Re8 {[%clk 0:00:50]} 66. Rh7 {[%clk
0:02:35]} Bd7 {[%clk 0:00:57]} 67. Bxa5 {[%clk 0:02:57]} Bxa4 {[%clk 0:01:05]}
68. Bd8 {[%clk 0:02:43]} Kf5 {[%clk 0:00:35]} 69. Rh5+ {[%clk 0:02:21]} Ke6
{[%clk 0:00:49]} 70. Ke3 {[%clk 0:02:47]} Bd1 {[%clk 0:00:38]} 71. Re5+ {[%clk
0:03:04]} Kd6 {[%clk 0:01:00]} 72. Ba5 {[%clk 0:03:05]} Bb3 {[%clk 0:01:09]} 73.
Kf4 {[%clk 0:03:22]} Kd7 {[%clk 0:01:23]} 74. Bb4 {[%clk 0:03:33]} Rh8 {[%clk
0:00:45]} 75. Kg5 {[%clk 0:03:55]} Ke8 {[%clk 0:00:32]} 76. Re3 {[%clk 0:03:59]}
Bc4 {[%clk 0:00:39]} 77. Kg6 {[%clk 0:04:15]} Rg8+ {[%clk 0:00:29]} 78. Kf6
{[%clk 0:04:41]} Rh8 {[%clk 0:00:33]} 79. Ra3 {[%clk 0:04:51]} Kd7 {[%clk
0:00:39]} 80. Ra7+ {[%clk 0:05:04]} Kc6 {[%clk 0:00:54]} 81. Kf7 {[%clk 0:05:23]}
1-0

[Event "Campeonato España Sub 18"]
[Site "Salobreña"]
[Date "2017.07.31"]
[Round "1"]
[White "Bueno del Amo, Valentin"]
[Black "Salagran Ferragut, Guillem"]
[Result "1/2-1/2"]
[Board "23"]
[WhiteClock "1:30"]
[WhiteElo "1904"]
[WhiteCountry "ESP"]
[WhiteFideId "32015798"]
[WhiteEloChange "7"]
[BlackClock "1:30"]
[BlackElo "2201"]
[BlackCountry "ESP"]
[BlackFideId "2241897"]
[BlackEloChange "-7"]

1. e4 {[%clk 1:30:00]} c5 {[%clk 1:30:00]} 2. Nf3 {[%clk 1:31:00]} Nc6 {[%clk
1:31:00]} 3. d4 {[%clk 1:31:00]} cxd4 {[%clk 1:31:00]} 4. Nxd4 {[%clk 1:31:00]}
e5 {[%clk 1:31:00]} 5. Nb5 {[%clk 1:31:00]} d6 {[%clk 1:32:00]} 6. N1c3 {[%clk
1:31:00]} a6 {[%clk 1:32:00]} 7. Na3 {[%clk 1:32:00]} Be7 {[%clk 1:32:00]} 8. Nc4
{[%clk 1:31:00]} b5 {[%clk 1:32:00]} 9. Ne3 {[%clk 1:31:00]} Nf6 {[%clk 1:33:00]}
10. Bd3 {[%clk 1:31:00]} O-O {[%clk 1:32:00]} 11. O-O {[%clk 1:31:00]} b4 {[%clk
1:24:00]} 12. Ncd5 {[%clk 1:29:00]} Nxd5 {[%clk 1:24:00]} 13. Nxd5 {[%clk
1:24:00]} Bg5 {[%clk 1:23:00]} 14. Bd2 {[%clk 1:09:00]} Rb8 {[%clk 1:21:00]} 15.
Qc1 {[%clk 1:06:00]} Bxd2 {[%clk 1:19:00]} 16. Qxd2 {[%clk 1:06:00]} a5 {[%clk
1:19:00]} 17. Rad1 {[%clk 1:03:00]} Be6 {[%clk 1:09:00]} 18. Bc4 {[%clk 0:50:00]}
Qh4 {[%clk 0:53:00]} 19. Qd3 {[%clk 0:35:00]} Rbd8 {[%clk 0:42:00]} 20. c3 {[%clk
0:14:27]} bxc3 {[%clk 0:36:00]} 21. bxc3 {[%clk 0:14:50]} Kh8 {[%clk 0:36:00]}
22. Ne3 {[%clk 0:14:19]} Bc8 {[%clk 0:27:00]} 23. Bd5 {[%clk 0:12:33]} Ne7 {[%clk
0:26:00]} 24. Qb5 {[%clk 0:12:12]} Nxd5 {[%clk 0:23:00]} 25. Qxd5 {[%clk
0:10:59]} Be6 {[%clk 0:23:00]} 26. Qd3 {[%clk 0:08:45]} h6 {[%clk 0:10:57]} 27.
f3 {[%clk 0:07:30]} Qe7 {[%clk 0:10:29]} 28. Rd2 {[%clk 0:06:23]} Qc7 {[%clk
0:08:25]} 29. Rfd1 {[%clk 0:05:16]} Qc5 {[%clk 0:07:51]} 30. Kh1 {[%clk 0:05:04]}
Rd7 {[%clk 0:08:15]} 31. Nd5 {[%clk 0:02:52]} Bxd5 {[%clk 0:07:17]} 32. Qxd5
{[%clk 0:02:43]} Qxc3 {[%clk 0:07:12]} 33. Rd3 {[%clk 0:01:56]} Qb4 {[%clk
0:02:56]} 34. Qc6 {[%clk 0:00:59]} Rfd8 {[%clk 0:02:52]} 35. h3 {[%clk 0:00:59]}
Qb8 {[%clk 0:02:07]} 36. Rd5 {[%clk 0:00:49]} Qb4 {[%clk 0:01:34]} 37. R5d3
{[%clk 0:00:39]} Qb8 {[%clk 0:00:16]} 38. Rd5 {[%clk 0:01:05]} Qb4 {[%clk
0:00:16]} 1/2-1/2

[Event "Campeonato España Sub 18"]
[Site "Salobreña"]
[Date "2017.07.31"]
[Round "1"]
[White "Goni Navarro, Pablo"]
[Black "Rodriguez Garcia, Miguel"]
[Result "1-0"]
[Board "24"]
[WhiteClock "1:30"]
[WhiteElo "2197"]
[WhiteCountry "ESP"]
[WhiteFideId "22295720"]
[WhiteEloChange "3"]
[BlackClock "1:30"]
[BlackElo "1877"]
[BlackCountry "ESP"]
[BlackFideId "22246045"]
[BlackEloChange "-3"]

1. c4 {[%clk 1:30:00]} c6 {[%clk 1:30:00]} 2. e4 {[%clk 1:30:00]} d5 {[%clk
1:30:00]} 3. exd5 {[%clk 1:31:00]} cxd5 {[%clk 1:30:00]} 4. d4 {[%clk 1:31:00]}
Nc6 {[%clk 1:29:00]} 5. Nc3 {[%clk 1:28:00]} e6 {[%clk 1:22:00]} 6. Nf3 {[%clk
1:26:00]} Nf6 {[%clk 1:20:00]} 7. cxd5 {[%clk 1:27:00]} Nxd5 {[%clk 1:18:00]} 8.
Bd3 {[%clk 1:26:00]} Bb4 {[%clk 1:15:00]} 9. Bd2 {[%clk 1:19:00]} O-O {[%clk
1:05:00]} 10. O-O {[%clk 1:19:00]} Nf6 {[%clk 0:59:00]} 11. Bg5 {[%clk 1:15:00]}
Be7 {[%clk 0:55:00]} 12. Re1 {[%clk 1:11:00]} Nd5 {[%clk 0:51:00]} 13. Bxe7
{[%clk 1:08:00]} Ncxe7 {[%clk 0:49:00]} 14. Bc2 {[%clk 0:57:00]} b6 {[%clk
0:47:00]} 15. Qd3 {[%clk 0:53:00]} g6 {[%clk 0:43:00]} 16. Qd2 {[%clk 0:46:00]}
Kg7 {[%clk 0:36:00]} 17. Ne5 {[%clk 0:44:00]} Nf6 {[%clk 0:33:00]} 18. Re3 {[%clk
0:39:00]} Nf5 {[%clk 0:25:00]} 19. Bxf5 {[%clk 0:38:00]} exf5 {[%clk 0:25:00]}
20. d5 {[%clk 0:29:00]} Qd6 {[%clk 0:22:00]} 21. Rd1 {[%clk 0:29:00]} Ba6 {[%clk
0:19:25]} 22. Qd4 {[%clk 0:24:00]} Rac8 {[%clk 0:15:23]} 23. g4 {[%clk 0:18:41]}
fxg4 {[%clk 0:13:50]} 24. Nxg4 {[%clk 0:18:35]} Rc4 {[%clk 0:14:00]} 25. Qxf6+
{[%clk 0:18:51]} Qxf6 {[%clk 0:14:20]} 26. Nxf6 {[%clk 0:19:17]} Kxf6 {[%clk
0:14:46]} 27. f3 {[%clk 0:17:14]} Rd8 {[%clk 0:12:50]} 28. Kg2 {[%clk 0:16:21]}
Rc7 {[%clk 0:07:48]} 29. Re4 {[%clk 0:14:14]} Rcd7 {[%clk 0:06:58]} 30. Ra4
{[%clk 0:12:58]} Bc8 {[%clk 0:05:53]} 31. Kg3 {[%clk 0:07:27]} a6 {[%clk
0:05:15]} 32. Rb4 {[%clk 0:07:11]} b5 {[%clk 0:05:16]} 33. Rbd4 {[%clk 0:07:13]}
Kg7 {[%clk 0:04:45]} 34. a4 {[%clk 0:04:32]} bxa4 {[%clk 0:05:12]} 35. Nxa4
{[%clk 0:03:35]} f5 {[%clk 0:02:09]} 36. d6 {[%clk 0:02:43]} Rb7 {[%clk 0:01:08]}
37. Nc5 {[%clk 0:02:52]} Rb5 {[%clk 0:01:21]} 38. b4 {[%clk 0:01:48]} Kf7 {[%clk
0:01:21]} 39. Re1 {[%clk 0:00:49]} Bb7 {[%clk 0:00:52]} 40. Re7+ {[%clk 0:00:49]}
1-0

[Event "Campeonato España Sub 18"]
[Site "Salobreña"]
[Date "2017.07.31"]
[Round "1"]
[White "Leonor Velasco, David"]
[Black "Gomez Sanjuan, Hector Fernando"]
[Result "1-0"]
[Board "25"]
[WhiteClock "1:30"]
[WhiteElo "1873"]
[WhiteCountry "ESP"]
[WhiteFideId "22284842"]
[WhiteEloChange "17"]
[BlackClock "1:30"]
[BlackElo "2189"]
[BlackCountry "ESP"]
[BlackFideId "22274960"]
[BlackEloChange "-17"]

1. d4 {[%clk 1:30:00]} Nf6 {[%clk 1:30:00]} 2. c4 {[%clk 1:31:00]} c5 {[%clk
1:31:00]} 3. d5 {[%clk 1:31:00]} b5 {[%clk 1:31:00]} 4. Nf3 {[%clk 1:31:00]} bxc4
{[%clk 1:31:00]} 5. Nc3 {[%clk 1:31:00]} d6 {[%clk 1:31:00]} 6. e4 {[%clk
1:31:00]} g6 {[%clk 1:30:00]} 7. Bxc4 {[%clk 1:32:00]} Bg7 {[%clk 1:31:00]} 8.
O-O {[%clk 1:32:00]} O-O {[%clk 1:31:00]} 9. e5 {[%clk 1:28:00]} Ng4 {[%clk
1:16:00]} 10. e6 {[%clk 1:24:00]} f5 {[%clk 1:10:00]} 11. Re1 {[%clk 1:20:00]}
Na6 {[%clk 1:04:00]} 12. h3 {[%clk 1:18:00]} Ne5 {[%clk 1:00:00]} 13. Nxe5 {[%clk
1:18:00]} Bxe5 {[%clk 1:01:00]} 14. Rxe5 {[%clk 1:17:00]} dxe5 {[%clk 1:01:00]}
15. d6 {[%clk 1:18:00]} Kh8 {[%clk 0:52:00]} 16. Bh6 {[%clk 1:12:00]} exd6 {[%clk
0:48:00]} 17. Bxf8 {[%clk 1:11:00]} Qxf8 {[%clk 0:48:00]} 18. Qd5 {[%clk
1:09:00]} Bxe6 {[%clk 0:35:00]} 19. Qxe6 {[%clk 1:08:00]} Nb4 {[%clk 0:34:00]}
20. Rd1 {[%clk 1:05:00]} Rd8 {[%clk 0:34:00]} 21. Nb5 {[%clk 0:49:00]} Re8 {[%clk
0:33:00]} 22. Qxd6 {[%clk 0:50:00]} Qxd6 {[%clk 0:33:00]} 23. Rxd6 {[%clk
0:48:00]} e4 {[%clk 0:33:00]} 24. Nc7 {[%clk 0:45:00]} Rc8 {[%clk 0:33:00]} 25.
Ne6 {[%clk 0:45:00]} Nc2 {[%clk 0:33:00]} 26. Rd8+ {[%clk 0:40:00]} Rxd8 {[%clk
0:33:00]} 27. Nxd8 {[%clk 0:40:00]} e3 {[%clk 0:33:00]} 28. fxe3 {[%clk 0:39:00]}
Nxe3 {[%clk 0:33:00]} 29. Be2 {[%clk 0:39:00]} 1-0

[Event "Campeonato España Sub 18"]
[Site "Salobreña"]
[Date "2017.07.31"]
[Round "2"]
[White "Santos Ruiz, Miguel"]
[Black "Chao Vale, Fernando"]
[Result "1-0"]
[Board "1"]
[WhiteClock "n/a"]
[WhiteTitle "IM"]
[WhiteElo "2469"]
[WhiteCountry "ESP"]
[WhiteFideId "22291482"]
[WhiteEloChange "1"]
[BlackClock "n/a"]
[BlackElo "2139"]
[BlackCountry "ESP"]
[BlackFideId "22241663"]
[BlackEloChange "-3"]

1. d4 {[%clk 1:30:30]} c5 {[%clk 1:30:30]} 2. d5 {[%clk 1:30:30]} e5 {[%clk
1:30:30]} 3. e4 {[%clk 1:30:30]} d6 {[%clk 1:30:30]} 4. Nc3 {[%clk 1:30:30]} g6
{[%clk 1:30:30]} 5. h4 {[%clk 1:30:30]} h5 {[%clk 1:30:30]} 6. Bg5 {[%clk
1:30:30]} f6 {[%clk 1:30:30]} 7. Bd2 {[%clk 1:30:30]} Bh6 {[%clk 1:30:30]} 8.
Bb5+ {[%clk 1:30:30]} Nd7 {[%clk 1:30:30]} 9. a4 {[%clk 1:30:30]} a6 {[%clk
1:30:30]} 10. Bd3 {[%clk 1:30:30]} b6 {[%clk 1:30:30]} 11. g3 {[%clk 1:30:30]}
Bxd2+ {[%clk 1:30:30]} 12. Qxd2 {[%clk 1:30:30]} Nh6 {[%clk 1:30:30]} 13. Nh3
{[%clk 1:30:30]} Nf8 {[%clk 1:30:30]} 14. Qe2 {[%clk 1:30:30]} Ra7 {[%clk
1:30:30]} 15. f3 {[%clk 1:30:30]} Qe7 {[%clk 1:30:30]} 16. Nf2 {[%clk 1:30:30]}
Kd8 {[%clk 1:30:30]} 17. Rb1 {[%clk 1:30:30]} f5 {[%clk 1:30:30]} 18. b4 {[%clk
1:30:30]} c4 {[%clk 1:30:30]} 19. Bxc4 {[%clk 1:30:30]} fxe4 {[%clk 1:30:30]} 20.
fxe4 {[%clk 1:30:30]} Ng4 {[%clk 1:30:30]} 21. Kd2 {[%clk 1:30:30]} Nh7 {[%clk
1:30:30]} 22. Nxg4 {[%clk 1:30:30]} Bxg4 {[%clk 1:30:30]} 23. Qe3 {[%clk
1:30:30]} Qc7 {[%clk 1:30:30]} 24. Bd3 {[%clk 1:30:30]} Kc8 {[%clk 1:30:30]} 25.
a5 {[%clk 1:30:30]} b5 {[%clk 1:30:30]} 26. Bxb5 {[%clk 1:30:30]} Nf6 {[%clk
1:30:30]} 27. Rhf1 {[%clk 1:30:30]} Rf8 {[%clk 1:30:30]} 28. Bc6 {[%clk 1:30:30]}
Bd7 {[%clk 1:30:30]} 29. Rf2 {[%clk 1:30:30]} Rf7 {[%clk 1:30:30]} 30. Rbf1
{[%clk 1:30:30]} Bxc6 {[%clk 1:30:30]} 31. dxc6 {[%clk 1:30:30]} 1-0

[Event "Campeonato España Sub 18"]
[Site "Salobreña"]
[Date "2017.07.31"]
[Round "2"]
[White "Villemur Tamarit, Juan"]
[Black "Garcia Martin, Marta"]
[Result "0-1"]
[Board "2"]
[WhiteClock "1:30"]
[WhiteElo "2146"]
[WhiteCountry "ESP"]
[WhiteFideId "22280332"]
[WhiteEloChange "-3"]
[BlackClock "1:30"]
[BlackTitle "FM"]
[BlackElo "2435"]
[BlackCountry "ESP"]
[BlackFideId "32084030"]
[BlackEloChange "2"]

1. d4 {[%clk 1:30:00]} Nf6 {[%clk 1:30:00]} 2. Nf3 {[%clk 1:31:00]} e6 {[%clk
1:31:00]} 3. c4 {[%clk 1:31:00]} d5 {[%clk 1:31:00]} 4. Nc3 {[%clk 1:32:00]} Bb4
{[%clk 1:30:00]} 5. a3 {[%clk 1:30:00]} Bxc3+ {[%clk 1:27:00]} 6. bxc3 {[%clk
1:31:00]} c5 {[%clk 1:14:00]} 7. e3 {[%clk 1:25:00]} O-O {[%clk 1:11:00]} 8. Qc2
{[%clk 1:21:00]} b6 {[%clk 1:08:00]} 9. Bd3 {[%clk 1:16:00]} Ba6 {[%clk 1:02:00]}
10. Qe2 {[%clk 1:01:00]} Nc6 {[%clk 1:00:00]} 11. O-O {[%clk 1:00:00]} Na5 {[%clk
0:47:00]} 12. Nd2 {[%clk 0:54:00]} cxd4 {[%clk 0:29:00]} 13. cxd4 {[%clk
0:52:00]} Rc8 {[%clk 0:29:00]} 14. cxd5 {[%clk 0:51:00]} Bxd3 {[%clk 0:30:00]}
15. Qxd3 {[%clk 0:52:00]} exd5 {[%clk 0:30:00]} 16. Bb2 {[%clk 0:49:00]} Nc4
{[%clk 0:25:00]} 17. Bc3 {[%clk 0:47:00]} a5 {[%clk 0:22:00]} 18. a4 {[%clk
0:46:00]} Re8 {[%clk 0:16:06]} 19. Rab1 {[%clk 0:43:00]} Re6 {[%clk 0:15:14]} 20.
Rb5 {[%clk 0:41:00]} Rec6 {[%clk 0:12:39]} 21. Bb2 {[%clk 0:39:00]} Nxd2 {[%clk
0:10:34]} 22. Qxd2 {[%clk 0:39:00]} Rc4 {[%clk 0:11:03]} 23. Qd3 {[%clk 0:38:00]}
R8c6 {[%clk 0:05:40]} 24. Qb3 {[%clk 0:38:00]} Ne4 {[%clk 0:01:50]} 25. Rd1
{[%clk 0:38:00]} Qh4 {[%clk 0:01:18]} 26. Rxb6 {[%clk 0:26:00]} Qxf2+ {[%clk
0:01:41]} 27. Kh1 {[%clk 0:27:00]} h6 {[%clk 0:00:34]} 28. Rxc6 {[%clk 0:15:42]}
Rxc6 {[%clk 0:00:58]} 29. Ba3 {[%clk 0:10:50]} Rg6 {[%clk 0:00:58]} 0-1

[Event "Campeonato España Sub 18"]
[Site "Salobreña"]
[Date "2017.07.31"]
[Round "2"]
[White "Portela Peleteiro, Alberto"]
[Black "Centron Antuna, Daniel"]
[Result "0-1"]
[Board "3"]
[WhiteClock "1:30"]
[WhiteTitle "FM"]
[WhiteElo "2398"]
[WhiteCountry "ESP"]
[WhiteFideId "22276106"]
[WhiteEloChange "-17"]
[BlackClock "1:30"]
[BlackElo "2112"]
[BlackCountry "ESP"]
[BlackFideId "22288694"]
[BlackEloChange "17"]

1. e4 {[%clk 1:30:00]} c5 {[%clk 1:30:00]} 2. Nf3 {[%clk 1:29:00]} e6 {[%clk
1:30:00]} 3. d4 {[%clk 1:29:00]} cxd4 {[%clk 1:30:00]} 4. Nxd4 {[%clk 1:30:00]}
Nf6 {[%clk 1:31:00]} 5. Nc3 {[%clk 1:30:00]} Bb4 {[%clk 1:31:00]} 6. e5 {[%clk
1:30:00]} Nd5 {[%clk 1:31:00]} 7. Qg4 {[%clk 1:29:00]} O-O {[%clk 1:31:00]} 8.
Bh6 {[%clk 1:27:00]} g6 {[%clk 1:32:00]} 9. Bd2 {[%clk 1:26:00]} Qc7 {[%clk
1:16:00]} 10. Qg3 {[%clk 1:24:00]} Nc6 {[%clk 1:04:00]} 11. Nxc6 {[%clk 1:25:00]}
bxc6 {[%clk 1:04:00]} 12. a3 {[%clk 1:21:00]} Nxc3 {[%clk 1:01:00]} 13. Bxc3
{[%clk 1:16:00]} Bxc3+ {[%clk 0:59:00]} 14. Qxc3 {[%clk 1:16:00]} f6 {[%clk
0:59:00]} 15. exf6 {[%clk 1:16:00]} Qf4 {[%clk 0:58:00]} 16. Be2 {[%clk 1:15:00]}
Qxf6 {[%clk 0:56:00]} 17. Qxf6 {[%clk 1:15:00]} Rxf6 {[%clk 0:56:00]} 18. O-O
{[%clk 1:16:00]} e5 {[%clk 0:54:00]} 19. c4 {[%clk 1:12:00]} d5 {[%clk 0:45:00]}
20. b4 {[%clk 1:04:00]} Bf5 {[%clk 0:37:00]} 21. cxd5 {[%clk 1:03:00]} cxd5
{[%clk 0:37:00]} 22. Rac1 {[%clk 1:04:00]} Rd8 {[%clk 0:35:00]} 23. g4 {[%clk
0:52:00]} Be6 {[%clk 0:33:00]} 24. Rc6 {[%clk 0:52:00]} g5 {[%clk 0:28:00]} 25.
f3 {[%clk 0:48:00]} Kg7 {[%clk 0:27:00]} 26. Rfc1 {[%clk 0:40:00]} Rd7 {[%clk
0:25:00]} 27. Ra6 {[%clk 0:37:00]} Bg8 {[%clk 0:20:00]} 28. Rxf6 {[%clk 0:34:00]}
Kxf6 {[%clk 0:21:00]} 29. Bd3 {[%clk 0:34:00]} Ke7 {[%clk 0:18:59]} 30. Bf5
{[%clk 0:33:00]} Be6 {[%clk 0:19:00]} 31. Bxh7 {[%clk 0:33:00]} Kd6 {[%clk
0:19:23]} 32. Bd3 {[%clk 0:28:00]} Rf7 {[%clk 0:19:43]} 33. Kg2 {[%clk 0:28:00]}
Rf4 {[%clk 0:19:31]} 34. Rd1 {[%clk 0:25:00]} d4 {[%clk 0:18:03]} 35. Kg3 {[%clk
0:19:27]} Bd5 {[%clk 0:17:42]} 36. Be2 {[%clk 0:14:54]} e4 {[%clk 0:16:46]} 37.
fxe4 {[%clk 0:15:12]} Rxe4 {[%clk 0:16:44]} 38. Kf2 {[%clk 0:14:14]} Ke5 {[%clk
0:16:28]} 39. Rd3 {[%clk 0:08:21]} Rf4+ {[%clk 0:14:21]} 40. Ke1 {[%clk 0:08:49]}
Bc4 {[%clk 0:12:33]} 41. Rd2 {[%clk 0:09:19]} Re4 {[%clk 0:12:18]} 42. Kd1 {[%clk
0:08:45]} Be6 {[%clk 0:12:29]} 43. h3 {[%clk 0:08:02]} Re3 {[%clk 0:12:24]} 44.
Rd3 {[%clk 0:07:59]} Ke4 {[%clk 0:12:30]} 45. Rxe3+ {[%clk 0:04:43]} Kxe3 {[%clk
0:12:49]} 46. Ke1 {[%clk 0:04:49]} d3 {[%clk 0:12:48]} 47. Bd1 {[%clk 0:05:17]}
d2+ {[%clk 0:12:41]} 48. Kf1 {[%clk 0:05:46]} Bc4+ {[%clk 0:12:50]} 49. Kg2
{[%clk 0:06:14]} Be2 {[%clk 0:13:03]} 50. Ba4 {[%clk 0:06:18]} d1Q {[%clk
0:12:57]} 51. Bxd1 {[%clk 0:06:40]} Bxd1 {[%clk 0:13:21]} 52. Kg3 {[%clk
0:07:06]} Kd4 {[%clk 0:11:41]} 53. h4 {[%clk 0:07:35]} gxh4+ {[%clk 0:11:56]} 54.
Kxh4 {[%clk 0:08:00]} Kc3 {[%clk 0:11:15]} 55. Kg3 {[%clk 0:08:13]} Kb2 {[%clk
0:07:35]} 56. Kf4 {[%clk 0:07:23]} Kxa3 {[%clk 0:06:52]} 57. Ke3 {[%clk 0:07:43]}
Bxg4 {[%clk 0:06:20]} 58. Kd2 {[%clk 0:08:09]} Kb2 {[%clk 0:06:42]} 59. Kd3
{[%clk 0:08:25]} a6 {[%clk 0:07:05]} 60. Kd2 {[%clk 0:08:31]} Bf5 {[%clk
0:07:24]} 61. Kd1 {[%clk 0:08:56]} Kc3 {[%clk 0:07:35]} 62. Kc1 {[%clk 0:09:14]}
Bg6 {[%clk 0:07:35]} 0-1

[Event "Campeonato España Sub 18"]
[Site "Salobreña"]
[Date "2017.07.31"]
[Round "2"]
[White "Alfaya Marcelo, Roberto"]
[Black "Perez Garcia, Alejandro"]
[Result "0-1"]
[Board "4"]
[WhiteClock "1:30"]
[WhiteElo "2132"]
[WhiteCountry "ESP"]
[WhiteFideId "32026935"]
[WhiteEloChange "-4"]
[BlackClock "1:30"]
[BlackTitle "IM"]
[BlackElo "2358"]
[BlackCountry "ESP"]
[BlackFideId "32041543"]
[BlackEloChange "4"]

1. d4 {[%clk 1:30:00]} d5 {[%clk 1:30:00]} 2. c4 {[%clk 1:31:00]} c6 {[%clk
1:30:00]} 3. cxd5 {[%clk 1:31:00]} cxd5 {[%clk 1:31:00]} 4. Bf4 {[%clk 1:31:00]}
Nf6 {[%clk 1:30:00]} 5. e3 {[%clk 1:31:00]} Nc6 {[%clk 1:29:00]} 6. Nc3 {[%clk
1:31:00]} Bf5 {[%clk 1:29:00]} 7. Bd3 {[%clk 1:30:00]} Bxd3 {[%clk 1:28:00]} 8.
Qxd3 {[%clk 1:30:00]} e6 {[%clk 1:26:00]} 9. Nf3 {[%clk 1:30:00]} Be7 {[%clk
1:26:00]} 10. O-O {[%clk 1:31:00]} O-O {[%clk 1:26:00]} 11. h3 {[%clk 1:29:00]}
Qb6 {[%clk 1:24:00]} 12. Qb5 {[%clk 1:25:00]} Qxb5 {[%clk 1:23:00]} 13. Nxb5
{[%clk 1:26:00]} Ne4 {[%clk 1:23:00]} 14. Rfc1 {[%clk 1:21:00]} Rac8 {[%clk
1:20:00]} 15. Nc3 {[%clk 1:12:00]} Nd6 {[%clk 1:19:00]} 16. b3 {[%clk 1:05:00]}
f6 {[%clk 1:17:00]} 17. Bg3 {[%clk 0:57:00]} Nf5 {[%clk 1:13:00]} 18. Ne2 {[%clk
0:53:00]} Ba3 {[%clk 1:12:00]} 19. Rd1 {[%clk 0:53:00]} Nb4 {[%clk 1:10:00]} 20.
Rd2 {[%clk 0:51:00]} Rc6 {[%clk 1:03:00]} 21. Ne1 {[%clk 0:48:00]} Rfc8 {[%clk
1:03:00]} 22. Bh2 {[%clk 0:43:00]} Bc1 {[%clk 0:58:00]} 23. Rd1 {[%clk 0:40:00]}
Bb2 {[%clk 0:58:00]} 24. Rab1 {[%clk 0:40:00]} Ba3 {[%clk 0:58:00]} 25. Kf1
{[%clk 0:40:00]} Nc2 {[%clk 0:54:00]} 26. Nxc2 {[%clk 0:34:00]} Rxc2 {[%clk
0:55:00]} 27. Ra1 {[%clk 0:34:00]} g5 {[%clk 0:51:00]} 28. Bg1 {[%clk 0:28:00]}
Nd6 {[%clk 0:48:00]} 29. f3 {[%clk 0:28:00]} Nb5 {[%clk 0:46:00]} 30. e4 {[%clk
0:26:00]} Bb2 {[%clk 0:45:00]} 31. Rab1 {[%clk 0:27:00]} Na3 {[%clk 0:45:00]} 32.
exd5 {[%clk 0:26:00]} exd5 {[%clk 0:45:00]} 33. Ng3 {[%clk 0:27:00]} Nxb1 {[%clk
0:45:00]} 34. Rxb1 {[%clk 0:27:00]} Rc1+ {[%clk 0:45:00]} 0-1